| 000 | 01158nam a2200373 a 4500 | ||
|---|---|---|---|
| 008 | 951211s1980||||[C 0 slo c | ||
| 020 |
_c11 Kčs. _q(4000 výtl.) |
||
| 040 |
_aSNK _bslo _cSNK _eAACR2 |
||
| 041 | 1 |
_aslo _hpol |
|
| 044 |
_axo _cSK |
||
| 080 | _a173:159.923.2(035) | ||
| 080 | _a159.923.2(035) | ||
| 080 | _a159.923.2(035) | ||
| 100 | 1 |
_aZiemska, Maria _4aut |
|
| 245 | 1 | 0 |
_aRodina a osobnosť _cMaria Ziemska ; Anna Lerchová, Ján Krížik |
| 260 |
_aBratislava _bSmena _c1980 _eNitra _fNitrianske tlačiarne |
||
| 700 | 1 |
_aLerchová, Anna _4trl |
|
| 700 | 1 |
_aKrížik, Ján _4bkd |
|
| 008 | 951211s1980 [C 0 slo c | ||
| 020 |
_c11 Kčs. _q(4000 výtl.) |
||
| 040 |
_aSNK _bslo _cSNK _eAACR2 |
||
| 041 | 1 | _hpol | |
| 044 | _a[CS] | ||
| 080 | _a173:159.923.2(035) | ||
| 080 | _a159.923.2(035) | ||
| 080 | _a159.923.2(035) | ||
| 100 | 1 |
_aZiemska, Maria _4aut |
|
| 245 | 1 | 0 |
_aRodina a osobnosť _cMaria Ziemska ; Anna Lerchová, Ján Krížik |
| 260 |
_aBratislava _bSmena _c1980 _eNitra _fNitrianske tlačiarne |
||
| 700 | 1 |
_aLerchová, Anna _4trl |
|
| 700 | 1 |
_aKrížik, Ján _4bkd |
|
| 958 | _aA | ||
| 958 | _aA | ||
| 999 |
_c19757 _d19757 |
||